Génie logiciel et génie cognitif : Pour les systèmes à base de connaissances
La plupart des systèmes experts actuels reposent sur les connaissances de surface (le ... Les aspects méthodologiques sont développés dans la première partie.
Сохранить в:
| Главный автор: | |
|---|---|
| Формат: | |
| Язык: | Undetermined |
| Опубликовано: |
Paris
Londres
1993
|
| Предметы: | |
| Метки: |
Добавить метку
Нет меток, Требуется 1-ая метка записи!
|
| Thư viện lưu trữ: | Trung tâm Học liệu Trường Đại học Cần Thơ |
|---|
| LEADER | 00785nam a2200205Ia 4500 | ||
|---|---|---|---|
| 001 | CTU_232763 | ||
| 008 | 210402s9999 xx 000 0 und d | ||
| 082 | |a 006.33 | ||
| 082 | |b E71 | ||
| 100 | |a Ermine, Jean-Louis | ||
| 245 | 0 | |a Génie logiciel et génie cognitif : | |
| 245 | 0 | |b Pour les systèmes à base de connaissances | |
| 245 | 0 | |c Jean-Louis Ermine | |
| 260 | |a Paris | ||
| 260 | |b Londres | ||
| 260 | |c 1993 | ||
| 520 | |a La plupart des systèmes experts actuels reposent sur les connaissances de surface (le ... Les aspects méthodologiques sont développés dans la première partie. | ||
| 650 | |a Hệ chuyên gia (Khoa học máy tính),Expert systems (Computer science) | ||
| 910 | |b dqhieu | ||
| 980 | |a Trung tâm Học liệu Trường Đại học Cần Thơ | ||